000 00535nam a22001817a 4500
005 20251108165500.0
008 250721s2001 xx 000 0 ara d
082 1 4 _a215/ديه
100 1 _aأبو دية، نوفل إبراهيم
245 1 0 _aأهل البدع و الضلال و الفرقة الناجية /
264 1 _aعمان :
_bدار الياقوت،
_c2001.
300 _a133ص
650 1 7 _aالإسلام
650 1 7 _aالفرق الإسلامية
650 1 7 _aالبدع
942 _2ddc
_cBK
999 _c28961
_d28961